| 000 | 00899nam a22002297a 4500 | ||
|---|---|---|---|
| 003 | URS | ||
| 005 | 20230222094026.0 | ||
| 008 | 230222b |||||||| |||| 00| 0 eng d | ||
| 043 | _aURS | ||
| 100 |
_93848 _aShaine Rose A. Certeza _eAuthor |
||
| 245 |
_aFinancial Management Practices of Work-From-Home Employees in Binangonan, Rizal _cShaine Rose A. Certeza, Edzel James A. Elpedez, Ma, Theresa C. Ko |
||
| 260 | _c2022 | ||
| 300 |
_axi, 55 leaves; _c28 cm. |
||
| 336 |
_2rdacontent _atext |
||
| 337 |
_2rdamedia _aunmediated |
||
| 338 |
_2rdacarrier _avolume |
||
| 502 |
_aUndergraduate Thesis _bBachelor of Science in Business Administration Major in Financial Management _cUniversity of Rizal System, Binangonan _d2022 |
||
| 700 |
_93849 _aEdzel James A. Elpedez _eAuthor |
||
| 700 |
_93850 _aMa. Theresa C. Ko _eAuthor |
||
| 700 |
_91949 _aArabella B. Pabilonia, DBA _eadviser |
||
| 942 |
_2lcc _cT |
||
| 999 |
_c68301 _d68301 |
||